Πεζογράφοι της λατινικής Αμερικής
Αποθηκεύτηκε σε:
| Άλλοι συγγραφείς: | |
|---|---|
| Μορφή: | Βιβλίο |
| Γλώσσα: | Greek Spanish |
| Δημοσίευση: |
[Θεσσαλονίκη] :
Παρατηρητής,
1983.
|
| Σειρά: | Λογοτεχνία της Λατινικής Αμερικής ;
1 |
| Θέματα: | |
| Ετικέτες: |
Προσθήκη ετικέτας
Δεν υπάρχουν, Καταχωρήστε ετικέτα πρώτοι!
|
MARC
| LEADER | 00000cam a2200000 i 4500 | ||
|---|---|---|---|
| 001 | 1/20683 | ||
| 008 | 120615s1983 gr | ||| |||| ||gre|| | ||
| 035 | |l 10112748 | ||
| 040 | |a GR-MyUA |b gre |e AACR2 | ||
| 041 | 1 | |a gre |h spa | |
| 082 | 7 | |a 863 |2 (22) | |
| 245 | 0 | 0 | |a Πεζογράφοι της λατινικής Αμερικής / |c επιμέλεια [μετάφραση] Δ. Δρακονταειδής. |
| 260 | |a [Θεσσαλονίκη] : |b Παρατηρητής, |c 1983. | ||
| 300 | |a 225 σ. ; |c 21 εκ. | ||
| 490 | 1 | |a (Λογοτεχνία της Λατινικής Αμερικής ; |v 1) | |
| 505 | 8 | |a Jorge Luis Boerges, Gabriel Garcia Marquez, Mario Benedetti, Julio Cortazar, Norberto Fuentes, Jose Donoso, Juan Carlos Onetti, Carlos Fuentes, Guillermo Cabrera Infante, Hector Alberto Murena, Jose Emilio Pacheco, Mario Vargas Llosa, Juan Rulfo, Severo Sarduy. | |
| 650 | 0 | |a Latin American fiction. | |
| 700 | 1 | |a Δρακονταειδής, Φίλιππος Δ., |d 1940- |e aui |e trl | |
| 830 | 0 | |a Λογοτεχνία της Λατινικής Αμερικής ; |v 1 | |
| 852 | |a INST |b SAMOS |e 20120615 |h 863 ΠΕΖ |p 005300033724 |q 005300033724 |t BK |y 0 | ||
| 901 | |a BIBL3-2012-2 | ||
| 970 | |a ΓΟΥΒΑΛΑ |b ΒΑΣΩ |z 2012/06/15 | ||